000 00263nam a22001217a 4500
008 180116b xxu||||| |||| 00| 0 eng d
041 _aeng
080 _a53
100 _aFIZ
101 _a43
245 _aMetric conversation tables
_cPerrin,H
942 _2udc
_cBK
999 _c40323
_d40323